Versi degli animali - Quiz n°6 - Statistics

Statistiche generali
  • Questo quiz è stato fatto 45 volte
  • Il punteggio medio è 8 su 10
Statistiche sulle risposte
Hint Risposta % Corretto
Nitrire Cavallo
100%
Ruggire Leone
98%
Ululare Lupo
93%
Cantare Canarino
88%
Chiocciare Gallina
85%
Bombire Ape
73%
Tubare Piccione
68%
Fischiare Storno
68%
Bramire Orso
54%
Zigare Coniglio
34%
Nessun quiz corrispondente trovato
Distribuzione punteggi
Percentuale di utenti per punteggio
Percentile per numero di risposta
I tuoi punteggi nel tempo
Non hai fatto questo quiz